书目信息 |
| 题名: |
连锁企业信息管理
|
|
| 作者: | 宋文官 , 易艳红 编著 | |
| 分册: | ||
| 出版信息: | 上海 立信会计出版社 2006 |
|
| 页数: | 265页 | |
| 开本: | 23cm | |
| 丛书名: | 连锁经营管理丛书 | |
| 单 册: | ||
| 中图分类: | F717.6 | |
| 科图分类: | ||
| 主题词: | 连锁商店--信息管理 , 连锁商店 , 信息管理 | |
| 电子资源: | ||
| ISBN: | 7-5429-1647-5 | |
| 000 | 01063oam2 2200301 450 | |
| 001 | 012007246413 | |
| 005 | 20070516175235.07 | |
| 010 | @a7-5429-1647-5@dCNY27.00 | |
| 100 | @a20070508d2006 km y0chiy0120 ea | |
| 101 | 0 | @achi |
| 102 | @aCN@b310000 | |
| 105 | @ay z 000yy | |
| 106 | @ar | |
| 200 | 1 | @a连锁企业信息管理@Alian suo qi ye xin xi guan li@f宋文官,易艳红编著@Fsong wen guan,yi yan hong bian zhu |
| 210 | @a上海@c立信会计出版社@d2006 | |
| 215 | @a265页@d23cm | |
| 225 | 2 | @a连锁经营管理丛书 |
| 300 | @a上海市连锁经营教育高地建设项目 | |
| 330 | @a本书阐述了连锁企业中有关连锁超市的信息技术、信息管理技术,即在简单地介绍了连锁企业的网络技术、POS系统和条形码技术的基础上,详细讲解了连锁超市信息系统的构建、连锁超市信息管理系统中进销存业务的操作流程等。 | |
| 461 | 0 | @12001 @a连锁经营管理丛书 |
| 606 | 0 | @a连锁商店@x信息管理 |
| 606 | 0 | @a连锁商店 |
| 606 | 0 | @a信息管理 |
| 690 | @aF717.6@v4 | |
| 701 | 0 | @a宋文官@Asong wen guan@4编著 |
| 701 | 0 | @a易艳红@Ayi yan hong@4编著 |
| 801 | 0 | @aCN@bRULIN@c20070516 |
| 905 | @dF717.6@e274@s5 | |
| 连锁企业信息管理/宋文官,易艳红编著.-上海:立信会计出版社,2006 |
| 265页;23cm.-(连锁经营管理丛书) |
| 上海市连锁经营教育高地建设项目 |
| ISBN 7-5429-1647-5:CNY27.00 |
| 本书阐述了连锁企业中有关连锁超市的信息技术、信息管理技术,即在简单地介绍了连锁企业的网络技术、POS系统和条形码技术的基础上,详细讲解了连锁超市信息系统的构建、连锁超市信息管理系统中进销存业务的操作流程等。 |
| ● |
| 相关链接 |
|
|
|
|
正题名:连锁企业信息管理
索取号:F717.6/274
 
预约/预借
| 序号 | 登录号 | 条形码 | 馆藏地/架位号 | 状态 | 备注 |
| 1 | 0571879 | 205718794 | 第一样本阅览室/ [索取号:F717.6/274] | 在馆 | |
| 2 | 0571880 | 205718801 | 第一借阅区/ [索取号:F717.6/274] | 在馆 | |
| 3 | 0571881 | 205718810 | 第一借阅区/ [索取号:F717.6/274] | 在馆 | |
| 4 | 0571882 | 205718829 | 第一借阅区/ [索取号:F717.6/274] | 在馆 | |
| 5 | 0571883 | 205718838 | 第一借阅区/ [索取号:F717.6/274] | 在馆 |